000 00521nam a2200169Ia 4500
003 GCL
008 140319s9999 xx 000 0 ara d
040 _aGCL /
_cGCL
082 0 4 _a811.9
_bز و
100 1 _aزين العابدين فؤاد
245 1 0 _aوش مصر ( هدية من الاديب عبدالفتاح الجمل) /
_cزين العابدين فؤاد
300 _a172 ص
490 _aكتاب الغد
_v0
650 0 4 _aالشعر العربى
650 0 4 _aدواوين وقصائد
942 _2ddc
_cBK
999 _c47330
_d47330